Hauptstädte Nordafrikas - Statistiken

Allgemein
  • Dieses Quiz wurde 241 mal gespielt
  • Das Durchschnittsergebnis liegt bei 13 aus 28
Antwortstatistiken
Hint Antwort % Korrekt
Ägypten Kairo
99%
Algerien Algier
93%
Tunesien Tunis
87%
Marokko Rabat
82%
Guinea Bissau Bissau
67%
Sierra Leone Freetown
64%
Libyen Tripolis
64%
Ghana Accra
60%
Senegal Dakar
58%
Nigeria Abuja
55%
Äthiopien Addis Abeba
55%
Togo Lome
54%
Dschibuti Dschibuti-Stadt
48%
Sudan Khartum
46%
Südsudan Juba
40%
Zentralafrikanische Republik Bangui
37%
Burkina Faso Ouagadougou
36%
Gambia Banjul
34%
Benin Porto Novo
31%
Eritrea Asmara
30%
Niger Niamey
30%
Mali Bamako
28%
Mauretanien Nouakchott
25%
Guinea Conakry
24%
Tschad N'Djamena
24%
Elfenbeinküste Yamoussoukro
24%
Liberia Monrovia
22%
Kamerun Yaounde
19%
Keine übereinstimmenden Quizze gefunden
Verteilung der Resultate
Anzahl Personen mit jedem Resultat
Perzentil nach korrekt beantworteten Fragen
Ihre Resultats-Entwicklung
Sie haben dieses Quiz noch nicht gespielt